[Event "Hanoi GM1 03"]
[Site "Hanoi"]
[Date "2024.03.23"]
[Round "7"]
[White "Laohawirapap, Prin"]
[Black "Concio, Michael Jr"]
[Result "1/2-1/2"]
[WhiteElo "2344"]
[BlackElo "2401"]
[PlyCount "149"]
[EventDate "2024.03.19"]
[EventType "tourn"]
[EventRounds "9"]
[EventCountry "VIE"]
[EventCategory "6"]
[SourceTitle "CB13_2024"]
[SourceDate "2024.03.27"]
[SourceVersion "1"]
[SourceVersionDate "2024.03.27"]
[SourceQuality "1"]

1. e4 e6 2. d4 d5 3. Nd2 dxe4 4. Nxe4 Bd7 5. Nf3 Bc6 6. Bd3 Nd7 7. c3 Ngf6 8. Nxf6+ Nxf6 9. 0-0 Bxf3 10. Qxf3 Qd5 11. Qe2 Bd6 12. h3 Qh5 13. Qxh5 Nxh5 14. Re1 0-0 15. g3 Rfe8 16. Kg2 Rad8 17. Be3 c6 18. Rad1 g6 19. a3 Nf6 20. c4 a6 21. Be2 Rd7 22. Bf3 Red8 23. b4 Bb8 24. Rd2 Ba7 25. Red1 Ne8 26. a4 Kg7 27. g4 Nd6 28. Rc2 Nc8 29. c5 Ne7 30. Rb1 Nd5 31. Bxd5 Rxd5 32. b5 axb5 33. axb5 e5 34. dxe5 Rxe5 35. bxc6 bxc6 36. Rb7 Bb8 37. Rcb2 Ree8 38. R2b6 Rc8 39. Rd7 Re6 40. Rbb7 Rf8 41. Bg5 Be5 42. Be7 Re8 43. g5 Kg8 44. h4 Bf4 45. Kf3 Bh2 46. Bd6 Bxd6 47. cxd6 Rf8 48. Rbc7 Kg7 49. Rxc6 Re5 50. Rc4 h6 51. Kg4 Rd5 52. Rf4 Rd3 53. Rf3 Rd4+ 54. Rf4 Rd3 55. f3 Rd1 56. Rf6 Rg1+ 57. Kf4 Rh1 58. Kg3 Rg1+ 59. Kf2 hxg5 60. Re6 Rd1 61. hxg5 Rd5 62. f4 Rd4 63. Rf6 Rd5 64. Re7 Rd2+ 65. Ke3 Rd1 66. Ke4 Rd2 67. Ke3 Rd1 68. Ke2 Rd5 69. Re5 Rd4 70. Re3 Rd8 71. Rd3 Rc4 72. Kd2 Rh8 73. Re3 Rd8 74. Kd3 Rc6 75. Ke2 1/2-1/2

[Event "Moscow-ch op Superfinal"]
[Site "Ershovo"]
[Date "2024.02.29"]
[Round "9"]
[White "Laohawirapap, Prin"]
[Black "Hakobyan, Menua"]
[Result "1-0"]
[WhiteElo "2344"]
[BlackElo "1995"]
[PlyCount "47"]
[EventDate "2024.02.23"]
[EventType "swiss"]
[EventRounds "10"]
[EventCountry "RUS"]
[SourceTitle "CB10_2024"]
[SourceDate "2024.03.06"]
[SourceVersion "1"]
[SourceVersionDate "2024.03.06"]
[SourceQuality "1"]

1. e4 e6 2. d4 d5 3. Nd2 dxe4 4. Nxe4 Nd7 5. Nf3 Ngf6 6. Nxf6+ Nxf6 7. Bd3 Be7 8. 0-0 c5 9. dxc5 Qc7 10. Qe2 0-0 11. Ne5 Bxc5 12. Bf4 Bd6 13. Rad1 Nd5 14. Bg3 Ne7 15. Nd7 Bxg3 16. Nxf8 Bxh2+ 17. Kh1 Bf4 18. Nxh7 g6 19. Nf6+ Kf8 20. Rfe1 Nc6 21. Qg4 Be5 22. Qh4 Bd7 23. Bxg6 Kg7 24. Rxd7 1-0

[Event "Hong Kong op"]
[Site "Hong Kong"]
[Date "2023.12.28"]
[Round "8"]
[White "Laohawirapap, Prin"]
[Black "Li, Yage"]
[Result "1/2-1/2"]
[WhiteElo "2329"]
[BlackElo "1674"]
[PlyCount "103"]
[EventDate "2023.12.24"]
[EventType "swiss"]
[EventRounds "9"]
[EventCountry "HKG"]
[SourceTitle "CB01_2024"]
[SourceDate "2024.01.03"]
[SourceVersion "1"]
[SourceVersionDate "2024.01.03"]
[SourceQuality "1"]

1. e4 c5 2. Nf3 d6 3. d4 cxd4 4. Nxd4 Nf6 5. Nc3 a6 6. f3 e5 7. Nb3 Be6 8. Be3 h5 9. Nd5 Bxd5 10. exd5 Nbd7 11. Qd2 b5 12. a4 b4 13. Bc4 a5 14. 0-0 Be7 15. Bb5 0-0 16. Bc6 Rc8 17. c3 bxc3 18. bxc3 e4 19. c4 exf3 20. gxf3 Qc7 21. Qxa5 Ne5 22. Qxc7 Rxc7 23. Bb6 Rcc8 24. Na5 Nfd7 25. Bxd7 Nxd7 26. Bd4 Nb8 27. Rac1 Bd8 28. Nb7 Be7 29. Rfe1 Rc7 30. Na5 Bg5 31. Rc2 Na6 32. Nc6 Nb8 33. Nxb8 Rxb8 34. a5 Rb4 35. a6 Ra4 36. a7 Kh7 37. Re8 Raxa7 38. Bxa7 Rxa7 39. c5 dxc5 40. Rxc5 Bf4 41. Re2 g5 42. Kg2 Ra3 43. Rb5 Rd3 44. Rc2 Kg6 45. h3 Kf6 46. Re2 h4 47. Rb6+ Kf5 48. Rb7 f6 49. Rd7 Be5 50. Rd8 Rd1 51. Rc2 Bg3 52. Re2 1/2-1/2

[Event "Hong Kong op"]
[Site "Hong Kong"]
[Date "2023.12.26"]
[Round "4"]
[White "Laohawirapap, Prin"]
[Black "Li, Bo"]
[Result "1-0"]
[WhiteElo "2329"]
[BlackElo "2216"]
[PlyCount "115"]
[EventDate "2023.12.24"]
[EventType "swiss"]
[EventRounds "9"]
[EventCountry "HKG"]
[SourceTitle "CB01_2024"]
[SourceDate "2024.01.03"]
[SourceVersion "1"]
[SourceVersionDate "2024.01.03"]
[SourceQuality "1"]

1. e4 d5 2. exd5 Qxd5 3. Nc3 Qa5 4. d4 c6 5. Bc4 Nf6 6. Nf3 Bg4 7. h3 Bh5 8. g4 Bg6 9. Bd2 Nbd7 10. Qe2 e6 11. d5 cxd5 12. Nxd5 Qc5 13. Nxf6+ gxf6 14. Bc3 Bh6 15. h4 0-0 16. Bb3 Qc6 17. h5 Be4 18. Nd4 Bxh1 19. Nxc6 Bxc6 20. Bd2 Bxd2+ 21. Qxd2 Kh8 22. 0-0-0 Rg8 23. Qf4 e5 24. Qh6 Rg7 25. Rxd7 Bxd7 26. Qxf6 h6 27. Bxf7 Kh7 28. g5 hxg5 29. h6 Rxf7 30. Qxf7+ Kxh6 31. Qxd7 Rf8 32. Qd6+ Kg7 33. Qxe5+ Kg6 34. Qe4+ Kh5 35. f3 Rf7 36. c4 b6 37. b4 Kh6 38. c5 bxc5 39. bxc5 Kg7 40. c6 Kf6 41. Qd5 Re7 42. Qd8 Ke6 43. c7 Rxc7+ 44. Qxc7 a6 45. Qc6+ Kf5 46. Qxa6 Kf4 47. Qf6+ Kg3 48. Qxg5+ Kxf3 49. Qd2 Ke4 50. a4 Ke5 51. a5 Ke4 52. a6 Ke5 53. a7 Ke4 54. a8Q+ Ke5 55. Qe8+ Kf5 56. Qf2+ Kg5 57. Qg8+ Kh5 58. Qh2# 1-0

[Event "THA-ch Rapid"]
[Site "Bangkok"]
[Date "2023.12.06"]
[Round "6"]
[White "Chuersakul, Sarocha"]
[Black "Laohawirapap, Prin"]
[Result "0-1"]
[WhiteElo "1770"]
[BlackElo "2332"]
[PlyCount "66"]
[EventDate "2023.12.05"]
[EventType "swiss (rapid)"]
[EventRounds "13"]
[EventCountry "THA"]
[SourceTitle "CB50_2023"]
[SourceDate "2023.12.13"]
[SourceVersion "1"]
[SourceVersionDate "2023.12.13"]
[SourceQuality "1"]

1. d4 Nf6 2. c4 g6 3. Nc3 Bg7 4. e4 d6 5. Nf3 0-0 6. Be2 Nbd7 7. 0-0 e5 8. d5 Nc5 9. Bd3 a5 10. Be3 b6 11. a3 Bd7 12. Bc2 Ng4 13. Bd2 a4 14. h3 Nf6 15. Kh2 Nh5 16. g3 Qe8 17. g4 Nf4 18. Ne2 Nxe2 19. Qxe2 f5 20. gxf5 gxf5 21. Nh4 fxe4 22. Bxe4 Qe7 23. Nf3 Nxe4 24. Qxe4 Bf5 25. Qe3 Kh8 26. Bc3 Rae8 27. Rad1 Rf6 28. Nh4 Bd7 29. Ng2 Rh6 30. h4 Rxh4+ 31. Nxh4 Qxh4+ 32. Kg2 Rg8 33. Qg3 Bf6 0-1

[Event "THA-ch Rapid"]
[Site "Bangkok"]
[Date "2023.12.06"]
[Round "7"]
[White "Laohawirapap, Prin"]
[Black "Wongsawan, Thoetsak"]
[Result "1-0"]
[WhiteElo "2332"]
[BlackElo "1745"]
[PlyCount "73"]
[EventDate "2023.12.05"]
[EventType "swiss (rapid)"]
[EventRounds "13"]
[EventCountry "THA"]
[SourceTitle "CB50_2023"]
[SourceDate "2023.12.13"]
[SourceVersion "1"]
[SourceVersionDate "2023.12.13"]
[SourceQuality "1"]

1. e4 c6 2. d4 d5 3. exd5 cxd5 4. Bd3 Nc6 5. c3 Nf6 6. Bf4 Bg4 7. Qb3 Qd7 8. Nd2 e6 9. Ngf3 Bd6 10. Bxd6 Qxd6 11. 0-0 0-0 12. Rae1 Bxf3 13. Nxf3 Qc7 14. Qc2 g6 15. Qd2 Kg7 16. h4 Rab8 17. g3 b5 18. a3 a5 19. b4 a4 20. Kg2 Rfc8 21. Qe2 Qb7 22. Rc1 Ne7 23. Ne5 Rc7 24. f3 Rbc8 25. Bxb5 Rxc3 26. Ba6 Rxc1 27. Rxc1 Qxa6 28. Qxa6 Rxc1 29. Qxa4 Nf5 30. Qa7 Rc2+ 31. Kh3 Nd6 32. Qe7 Nfe8 33. b5 Rb2 34. a4 h5 35. Qd8 Rc2 36. b6 Rc8 37. Qxc8 1-0

[Event "THA-ch Rapid"]
[Site "Bangkok"]
[Date "2023.12.05"]
[Round "2"]
[White "Niramitpattanakoson, Ditsapat"]
[Black "Laohawirapap, Prin"]
[Result "0-1"]
[WhiteElo "1645"]
[BlackElo "2332"]
[PlyCount "48"]
[EventDate "2023.12.05"]
[EventType "swiss (rapid)"]
[EventRounds "13"]
[EventCountry "THA"]
[SourceTitle "CB50_2023"]
[SourceDate "2023.12.13"]
[SourceVersion "1"]
[SourceVersionDate "2023.12.13"]
[SourceQuality "1"]

1. e4 c5 2. Nf3 d6 3. Nc3 g6 4. Bb5+ Bd7 5. Be2 Bg7 6. 0-0 Nc6 7. Re1 Nf6 8. d4 cxd4 9. Nxd4 Nxe4 10. Nxe4 Nxd4 11. Bf1 0-0 12. Bh6 Bxh6 13. Qxd4 Bg7 14. Qd2 Bc6 15. h4 Bxb2 16. Rab1 Bg7 17. h5 Rc8 18. Bd3 d5 19. Ng5 e5 20. hxg6 hxg6 21. Nh3 Bd7 22. Rxb7 Bxh3 23. gxh3 e4 24. Bf1 Bc3 0-1

[Event "Asian Games tt"]
[Site "Hangzhou"]
[Date "2023.10.06"]
[Round "8.21"]
[White "Laohawirapap, Prin"]
[Black "Hossain, Enamul"]
[Result "1/2-1/2"]
[WhiteElo "2329"]
[BlackElo "2369"]
[PlyCount "128"]
[EventDate "2023.09.29"]
[EventType "team-tourn"]
[EventRounds "9"]
[EventCountry "CHN"]
[SourceTitle "EXT 2024"]
[Source "ChessBase"]
[SourceDate "2023.10.10"]
[SourceVersion "1"]
[SourceVersionDate "2023.10.10"]
[SourceQuality "1"]
[WhiteTeam "Thailand"]
[BlackTeam "Bangladesh"]
[WhiteTeamCountry "THA"]
[BlackTeamCountry "BAN"]

1. e4 c5 2. Nf3 Nc6 3. d4 cxd4 4. Nxd4 e5 5. Nb5 d6 6. N1c3 a6 7. Na3 Be7 8. Be3 Nf6 9. Nc4 b5 10. Nb6 Rb8 11. Nxc8 Qxc8 12. Bd3 0-0 13. 0-0 h6 14. a3 Bd8 15. Qf3 Nh7 16. Nd5 Ne7 17. Nxe7+ Bxe7 18. a4 bxa4 19. Rxa4 Rxb2 20. Qe2 Bg5 21. Rxa6 Bxe3 22. fxe3 Qc5 23. h3 Rb4 24. Rfa1 Nf6 25. R6a5 Qc6 26. Ra6 Rb6 27. Kh2 Rxa6 28. Rxa6 Qc5 29. Ra4 Qc6 30. Ra6 Qc7 31. Qe1 Rd8 32. Qb4 d5 33. Qa5 Qc8 34. exd5 e4 35. Bc4 Rf8 36. Bb3 Qf5 37. Qa1 Qf2 38. Qc3 Nh5 39. Ra1 Qg3+ 40. Kh1 Qd6 41. Qe1 g6 42. g4 Nf6 43. Kg2 Nxd5 44. Ra4 Nf6 45. Rd4 Qa6 46. Qf2 Kg7 47. Bc4 Qb6 48. Qf4 Rd8 49. Qe5 Rxd4 50. exd4 Qb4 51. Be2 Qd2 52. Kf2 Qc3 53. h4 Qh3 54. Qg3 e3+ 55. Qxe3 Qxh4+ 56. Kg2 Nxg4 57. Qf4 h5 58. c4 Qf6 59. Qxf6+ Kxf6 60. Bxg4 hxg4 61. Kg3 Ke6 62. Kxg4 f6 63. Kf4 f5 64. Kg5 Kd6 1/2-1/2

[Event "Asian Games tt"]
[Site "Hangzhou"]
[Date "2023.09.29"]
[Round "1.21"]
[White "Laohawirapap, Prin"]
[Black "Suleymenov, Alisher"]
[Result "0-1"]
[WhiteElo "2329"]
[BlackElo "2512"]
[PlyCount "74"]
[EventDate "2023.09.29"]
[EventType "team-tourn"]
[EventRounds "9"]
[EventCountry "CHN"]
[SourceTitle "EXT 2024"]
[Source "ChessBase"]
[SourceDate "2023.10.10"]
[SourceVersion "1"]
[SourceVersionDate "2023.10.10"]
[SourceQuality "1"]
[WhiteTeam "Thailand"]
[BlackTeam "Kazakhstan"]
[WhiteTeamCountry "THA"]
[BlackTeamCountry "KAZ"]

1. e4 c5 2. Nf3 d6 3. d4 cxd4 4. Nxd4 Nf6 5. Nc3 Nc6 6. Bg5 Bd7 7. Qd2 Rc8 8. 0-0-0 Nxd4 9. Qxd4 Qa5 10. f4 h6 11. Bxf6 gxf6 12. Kb1 h5 13. Be2 Qc5 14. Qd2 Bg7 15. Bf3 Kf8 16. Rhe1 Bc6 17. Ne2 f5 18. e5 dxe5 19. Bxc6 Qxc6 20. Ng3 e6 21. fxe5 h4 22. Nh1 Bh6 23. Qb4+ Qc5 24. Qxh4 Qxc2+ 25. Ka1 Qc7 26. a3 Bg7 27. Qf4 Qb6 28. Nf2 Rc2 29. Nd3 Rxg2 30. Rc1 Bh6 31. Qh4 Bxc1 32. Qxh8+ Rg8 33. Qh5 Be3 34. Qh3 Bd2 35. Re2 Qb3 36. Rf2 Be3 37. Re2 Qd1+ 0-1

[Event "Asian Games"]
[Site "Hangzhou"]
[Date "2023.09.27"]
[Round "9"]
[White "Tologontegin, Semetey"]
[Black "Laohawirapap, Prin"]
[Result "0-1"]
[WhiteElo "2368"]
[BlackElo "2329"]
[PlyCount "56"]
[EventDate "2023.09.24"]
[EventType "swiss (rapid)"]
[EventRounds "9"]
[EventCountry "CHN"]
[SourceTitle "EXT 2024"]
[Source "ChessBase"]
[SourceDate "2023.10.10"]
[SourceVersion "1"]
[SourceVersionDate "2023.10.10"]
[SourceQuality "1"]

1. g3 g6 2. Bg2 Bg7 3. e4 c5 4. Ne2 Nc6 5. 0-0 d6 6. c4 Nf6 7. Nbc3 0-0 8. d3 Rb8 9. h3 a6 10. a4 Ne8 11. Be3 e5 12. Rb1 Nc7 13. Nd5 b5 14. axb5 axb5 15. Nxc7 Qxc7 16. Nc3 bxc4 17. dxc4 Be6 18. Nd5 Qb7 19. b3 Bxd5 20. Qxd5 Qc7 21. Rfd1 Nd4 22. Bxd4 exd4 23. Bf1 Rfe8 24. f4 Rb6 25. Bd3 Reb8 26. Bc2 Ra6 27. Ra1 Rxa1 28. Rxa1 d3 0-1

[Event "Eastern Asia-ch U18 7th"]
[Site "Hainan"]
[Date "2023.08.08"]
[Round "6"]
[White "Batbold, Nyamsuren"]
[Black "Laohawirapap, Prin"]
[Result "1/2-1/2"]
[WhiteElo "2156"]
[BlackElo "2341"]
[PlyCount "118"]
[EventDate "2023.08.04"]
[EventType "swiss"]
[EventRounds "9"]
[EventCountry "CHN"]
[SourceTitle "EXT 2024"]
[Source "ChessBase"]
[SourceDate "2023.10.10"]
[SourceVersion "1"]
[SourceVersionDate "2023.10.10"]
[SourceQuality "1"]

1. d4 Nf6 2. c4 g6 3. Nc3 Bg7 4. e4 d6 5. Bd3 0-0 6. Nge2 Nc6 7. 0-0 Nd7 8. Be3 e5 9. d5 Nd4 10. Bxd4 exd4 11. Nb5 Re8 12. Nbxd4 Nc5 13. Qc2 Qe7 14. Rae1 Nxd3 15. Qxd3 Qxe4 16. Qd2 Bd7 17. b3 a6 18. Nf3 Qe7 19. Ned4 Qf8 20. Rxe8 Rxe8 21. Re1 Re7 22. Rxe7 Qxe7 23. Qe3 Kf8 24. h3 Qxe3 25. fxe3 Ke7 26. Kf2 h6 27. e4 h5 28. Ke3 Kf6 29. b4 Bf8 30. Ne2 b6 31. Nc3 Bh6+ 32. Kd3 Bf4 33. a4 g5 34. a5 g4 35. hxg4 hxg4 36. Nd4 bxa5 37. bxa5 Be5 38. Nce2 Kg5 39. g3 Ba4 40. Nf5 c5 41. dxc6 Bxc6 42. Ne7 Bb7 43. Ke3 Kf6 44. Ng8+ Kg7 45. Ne7 Kf8 46. Nf5 Ke8 47. Nf4 Kd7 48. Nh6 Bc3 49. Nxf7 Bxa5 50. e5 Bb6+ 51. Kd3 dxe5 52. Nxe5+ Kd6 53. Nxg4 a5 54. Kc3 Bd8 55. Ne3 Bf6+ 56. Kb3 Bc6 57. Nfd5 Bg5 58. Nf5+ Kc5 59. Nc3 a4+ 1/2-1/2

[Event "Thailand op"]
[Site "Chiangmai"]
[Date "2023.07.04"]
[Round "9"]
[White "Kamalsyah, Muhammad"]
[Black "Laohawirapap, Prin"]
[Result "0-1"]
[WhiteElo "2188"]
[BlackElo "2349"]
[PlyCount "72"]
[EventDate "2023.06.28"]
[EventType "swiss"]
[EventRounds "9"]
[EventCountry "THA"]
[SourceTitle "CBM 215 Extra"]
[Source "ChessBase"]
[SourceDate "2023.09.30"]
[SourceVersion "1"]
[SourceVersionDate "2023.09.30"]
[SourceQuality "1"]

1. e4 c5 2. Nf3 d6 3. Bb5+ Bd7 4. Bxd7+ Qxd7 5. 0-0 Nc6 6. c3 d5 7. d3 e6 8. Qe2 Nge7 9. a3 Ng6 10. b4 Be7 11. exd5 Qxd5 12. Be3 Rd8 13. Rd1 0-0 14. bxc5 Bxc5 15. c4 Qh5 16. Nc3 Nge5 17. Nxe5 Qxe5 18. Ne4 Bd4 19. Rab1 Qc7 20. Ng5 Rd7 21. Qh5 h6 22. Ne4 Rfd8 23. Qe2 Qa5 24. Rb3 b6 25. h3 Qa4 26. Rdb1 Na5 27. Rb4 Qc6 28. Rd1 Nb7 29. f3 Nc5 30. Bxd4 Rxd4 31. Nxc5 Qxc5 32. Kh1 Qd6 33. Ra4 a5 34. Qb2 Qc6 35. Qb3 h5 36. Rb1 Rxd3 0-1

[Event "Thailand op"]
[Site "Chiangmai"]
[Date "2023.06.29"]
[Round "2"]
[White "Laohawirapap, Prin"]
[Black "Zhang, Xiao"]
[Result "1-0"]
[WhiteElo "2349"]
[BlackElo "2147"]
[PlyCount "131"]
[EventDate "2023.06.28"]
[EventType "swiss"]
[EventRounds "9"]
[EventCountry "THA"]
[SourceTitle "CBM 215 Extra"]
[Source "ChessBase"]
[SourceDate "2023.09.30"]
[SourceVersion "1"]
[SourceVersionDate "2023.09.30"]
[SourceQuality "1"]

1. e4 c6 2. d4 d5 3. exd5 cxd5 4. Bd3 Nc6 5. c3 Qc7 6. Ne2 e5 7. dxe5 Nxe5 8. Bb5+ Bd7 9. Bxd7+ Qxd7 10. 0-0 Nf6 11. Bg5 Ne4 12. Bf4 Ng6 13. Nd2 Bc5 14. Nxe4 dxe4 15. Qxd7+ Kxd7 16. Rad1+ Kc6 17. Be3 Rad8 18. Bxc5 Kxc5 19. Ng3 Rhe8 20. Nxe4+ Kc6 21. f3 Nf4 22. g3 Ng6 23. Rxd8 Rxd8 24. f4 h6 25. Rf2 Rd1+ 26. Kg2 Re1 27. Nd2 Ra1 28. a3 Ne7 29. Nb3 Rb1 30. Na5+ Kb6 31. Nc4+ Kc5 32. Nd2 Re1 33. Nb3+ Kb5 34. Nd4+ Kc4 35. Nf3 Rd1 36. Re2 Nc6 37. Kf2 Kb3 38. Ke3 Rd7 39. Nd4+ Nxd4 40. cxd4 Kc4 41. Rc2+ Kb3 42. Rd2 Kc4 43. Rd3 Re7+ 44. Kd2 f6 45. Re3 Rd7 46. b3+ Kd5 47. Kd3 b6 48. Re8 Rc7 49. Rd8+ Ke6 50. d5+ Ke7 51. Rg8 Kf7 52. Ra8 Ke7 53. Kd4 Rd7 54. f5 Rc7 55. Rg8 Kf7 56. Rd8 Ke7 57. d6+ Kxd8 58. dxc7+ Kxc7 59. Kd5 Kd7 60. b4 h5 61. b5 Kd8 62. Kd6 h4 63. gxh4 Ke8 64. h5 Kf7 65. Kc7 Ke7 66. a4 1-0